| 000 | 00705nas a2200241 4500 | ||
|---|---|---|---|
| 001 | BR2010002142 | ||
| 003 | BR-BrBNA | ||
| 005 | 20231205114202.0 | ||
| 007 | ta | ||
| 008 | 230509b bl.|||p| |||| 00| 00por d | ||
| 040 |
_aBR-BrBNA _bpor _cBiblioteca Nacional de Agricultura |
||
| 041 | _a(Pt) | ||
| 072 | _aE21; E16 | ||
| 100 | 1 | _aNastari, P.M. | |
| 245 | 1 | _aIndústria sucroalcooleira; a indústria também é flex | |
| 650 | _aAÇÚCAR | ||
| 650 | _aETANOL | ||
| 650 | _aINDÚSTRIA | ||
| 650 | _aESTATÍSTICA DE PRODUÇÃO | ||
| 773 | 0 |
_tAgroanalysis (Brazil) _xISSN 0100-4298 _g(Mar 2010), v. 30(3) p. 38-39 _wBR2010002142 |
|
| 909 |
_a202311 _bLúcia _c55 _dLúcia Elande |
||
| 942 |
_2AGRIS _n0 _cANA |
||
| 999 |
_c207486 _d207486 |
||